[Event "Turkey Cup 2020"]
[Site "Antalya-Belek"]
[Date "2020.01.28"]
[Round "4.83"]
[White "Ersoy, Emre"]
[Black "Aydogdu, Cagatay"]
[Result "0-1"]
[WhiteElo "1499"]
[BlackElo "1803"]
[Annotator "NA"]
[PlyCount "86"]
[EventDate "2020.01.26"]
[EventType "swiss"]
[EventCountry "TUR"]
[SourceTitle "playchess.com"]
[Source "ChessBase"]
[SourceQuality "1"]

1. e4 g6 2. d4 c6 3. Nf3 d5 4. e5 Bg4 5. Nc3 Bg7 6. Be3 e6 7. h3 Bxf3 8. Qxf3 Ne7 9. Bd3 a6 10. Ne2 Qa5+ 11. c3 c5 12. O-O Nbc6 13. a3 c4 14. Bc2 Qb6 15. Rfb1 Na5 16. Nc1 O-O 17. b4 cxb3 18. Nxb3 Nxb3 19. Rxb3 Qc7 20. Rab1 b5 21. Bg5 Nc6 22. a4 b4 23. h4 a5 24. Be3 Rac8 25. h5 bxc3 26. Rxc3 Nxe5 27. Rxc7 Nxf3+ 28. gxf3 Rxc7 29. Bd3 Rc3 30. Bb5 Rc2 31. hxg6 fxg6 32. Bd7 Kh8 33. Bxe6 Rc4 34. Bxd5 Rxa4 35. Bc6 Rb4 36. Rd1 Rfb8 37. Be4 a4 38. d5 a3 39. Bc5 Rxe4 40. fxe4 a2 41. Bd6 Rb1 42. Rxb1 axb1=Q+ 43. Kg2 Qxe4+ 0-1

[Event "Turkey Cup 2020"]
[Site "Antalya-Belek"]
[Date "2020.01.28"]
[Round "4.85"]
[White "Camdereli, Gunduz"]
[Black "Kalender, Murat Emre"]
[Result "1-0"]
[WhiteElo "1763"]
[BlackElo "1618"]
[Annotator "NA"]
[PlyCount "53"]
[EventDate "2020.01.26"]
[EventType "swiss"]
[EventCountry "TUR"]
[SourceTitle "playchess.com"]
[Source "ChessBase"]
[SourceQuality "1"]

1. e4 Nf6 2. e5 Nd5 3. d4 d6 4. Nf3 g6 5. Be2 Bg7 6. O-O Nc6 7. c4 Nb6 8. exd6 cxd6 9. d5 Ne5 10. Nxe5 Bxe5 11. Nc3 Bf5 12. Be3 Rc8 13. Bd4 Nxc4 14. Bxc4 Rxc4 15. Bxe5 dxe5 16. Qe2 Qc7 17. d6 exd6 18. Nb5 Qc5 19. Qxc4 Qb6 20. Rfd1 O-O 21. Nxd6 Be6 22. Qb5 Qc7 23. Rac1 Qe7 24. Qxe5 h5 25. Re1 Qd7 26. Ne4 Qa4 27. Nf6+ 1-0

[Event "Turkey Cup 2020"]
[Site "Antalya-Belek"]
[Date "2020.01.28"]
[Round "4.86"]
[White "Demir, Hilmi Mustafa"]
[Black "Oz, Dindar"]
[Result "1-0"]
[WhiteElo "1806"]
[BlackElo "1603"]
[Annotator "NA"]
[PlyCount "39"]
[EventDate "2020.01.26"]
[EventType "swiss"]
[EventCountry "TUR"]
[SourceTitle "playchess.com"]
[Source "ChessBase"]
[SourceQuality "1"]

1. e4 d5 2. exd5 Qxd5 3. Nc3 Qd8 4. Nf3 Nf6 5. Bc4 a6 6. a4 Nc6 7. d4 Bf5 8. O-O Nb4 9. Ne5 e6 10. Qf3 c6 11. Nxf7 Bg4 12. Nxd8 Bxf3 13. Nxe6 Bd6 14. gxf3 Kd7 15. Ne4 Nxe4 16. fxe4 Nxc2 17. Be3 Nxa1 18. Rxa1 Rae8 19. e5 Bb8 20. Nxg7 1-0

[Event "Turkey Cup 2020"]
[Site "Antalya-Belek"]
[Date "2020.01.28"]
[Round "4.87"]
[White "Kilic, Emrah"]
[Black "Yucesoy, Atil"]
[Result "0-1"]
[WhiteElo "1478"]
[BlackElo "1680"]
[Annotator "NA"]
[PlyCount "32"]
[EventDate "2020.01.26"]
[EventType "swiss"]
[EventCountry "TUR"]
[SourceTitle "playchess.com"]
[Source "ChessBase"]
[SourceQuality "1"]

1. d4 d5 2. Nf3 Nf6 3. Bf4 c5 4. e3 Nc6 5. c4 Bg4 6. dxc5 e5 7. Bg5 Qa5+ 8. Qd2 Nb4 9. Bxf6 gxf6 10. Nc3 O-O-O 11. cxd5 Bxf3 12. gxf3 Nxd5 13. Ne4 Nb4 14. Bh3+ Kb8 15. Qc3 Nc2+ 16. Ke2 Qb5+ 0-1

[Event "Turkey Cup 2020"]
[Site "Antalya-Belek"]
[Date "2020.01.28"]
[Round "4.88"]
[White "Aydin, Ataberk"]
[Black "Demir, Zeki"]
[Result "1-0"]
[WhiteElo "1283"]
[BlackElo "1703"]
[Annotator "NA"]
[PlyCount "93"]
[EventDate "2020.01.26"]
[EventType "swiss"]
[EventCountry "TUR"]
[SourceTitle "playchess.com"]
[Source "ChessBase"]
[SourceQuality "1"]

1. e4 e5 2. Nf3 Nc6 3. Bc4 Nf6 4. d3 Be7 5. Nc3 d6 6. h3 Na5 7. Bb3 Nxb3 8. axb3 O-O 9. Be3 a6 10. O-O Be6 11. d4 exd4 12. Nxd4 Bd7 13. f4 c5 14. Nf3 Bc6 15. e5 Bxf3 16. Qxf3 dxe5 17. fxe5 Nd7 18. Qxb7 Nxe5 19. Rxa6 Rxa6 20. Qxa6 Qd7 21. Qb5 Qc6 22. Qxc6 Nxc6 23. Ne4 Nd4 24. Bxd4 cxd4 25. Rd1 f5 26. Ng3 g6 27. Ne2 Bc5 28. Nxd4 Kf7 29. Kf1 Rd8 30. c3 Kf6 31. b4 Bb6 32. Ke2 g5 33. Nf3 Re8+ 34. Kd3 g4 35. hxg4 fxg4 36. Nd4 h5 37. c4 h4 38. Rh1 Kg5 39. c5 Bc7 40. b5 Bf4 41. b6 h3 42. gxh3 g3 43. c6 Be3 44. c7 Bf4 45. Ne6+ Rxe6 46. c8=Q Rxb6 47. Qg4+ 1-0

[Event "Turkey Cup 2020"]
[Site "Antalya-Belek"]
[Date "2020.01.28"]
[Round "4.89"]
[White "Caglar, Mehmet Halil"]
[Black "Kahraman, Yusuf"]
[Result "1/2-1/2"]
[WhiteElo "1670"]
[BlackElo "1438"]
[Annotator "NA"]
[PlyCount "126"]
[EventDate "2020.01.26"]
[EventType "swiss"]
[EventCountry "TUR"]
[SourceTitle "playchess.com"]
[Source "ChessBase"]
[SourceQuality "1"]

1. Nf3 d5 2. g3 Nf6 3. Bg2 Nc6 4. b3 e5 5. d3 Be6 6. Bb2 Bd6 7. c4 Qd7 8. O-O O-O-O 9. c5 Bxc5 10. Nxe5 Nxe5 11. Bxe5 h5 12. Nc3 h4 13. d4 Bd6 14. Bxd6 cxd6 15. Qd3 Bh3 16. Qb5 Bxg2 17. Qxd7+ Kxd7 18. Kxg2 Rc8 19. Rfc1 hxg3 20. hxg3 Ke6 21. f3 Rhd8 22. e3 Kd7 23. Ne2 Ng8 24. Nf4 Ne7 25. g4 g6 26. Kg3 Re8 27. Nd3 Nc6 28. Kf2 Rh8 29. Rh1 Ne7 30. Rxh8 Rxh8 31. Kg3 Rc8 32. Rc1 Rxc1 33. Nxc1 Kc6 34. Nd3 Kb5 35. Kf2 Nc6 36. Ke2 Nb4 37. Nc1 Nc6 38. Kd2 Kb4 39. a4 f5 40. gxf5 gxf5 41. Kc2 Ka3 42. Kc3 Nb4 43. Ne2 Na2+ 44. Kd2 Kxb3 45. a5 Kb4 46. Ng3 Kxa5 47. Nxf5 Kb5 48. Nxd6+ Kc6 49. Nc8 a6 50. e4 dxe4 51. fxe4 Nb4 52. Kc3 a5 53. Ne7+ Kd6 54. Nf5+ Ke6 55. Kc4 b6 56. Ne3 Kd6 57. Kb5 Na2 58. e5+ Ke6 59. Nc4 Nc3+ 60. Kxb6 Kd5 61. Nxa5 Kxd4 62. e6 Ke5 63. e7 Nd5+ 1/2-1/2

[Event "Turkey Cup 2020"]
[Site "Antalya-Belek"]
[Date "2020.01.28"]
[Round "4.90"]
[White "Araboga, Nizamettin"]
[Black "Ates, Serafettin Ulas"]
[Result "1/2-1/2"]
[WhiteElo "1710"]
[BlackElo "1393"]
[Annotator "NA"]
[PlyCount "102"]
[EventDate "2020.01.26"]
[EventType "swiss"]
[EventCountry "TUR"]
[SourceTitle "playchess.com"]
[Source "ChessBase"]
[SourceQuality "1"]

1. e4 e6 2. g3 d5 3. Bg2 dxe4 4. Bxe4 Nf6 5. Bg2 Bc5 6. Nf3 Nc6 7. O-O O-O 8. c3 e5 9. b4 Bd6 10. b5 Nb8 11. d3 Nbd7 12. Bg5 h6 13. Be3 Re8 14. Nbd2 Nc5 15. d4 exd4 16. Nxd4 Rb8 17. Qc2 Ng4 18. Rae1 Nxe3 19. fxe3 Qg5 20. N2f3 Qg4 21. Nh4 Bd7 22. Nhf5 Re5 23. Nxd6 cxd6 24. Rf4 Qg6 25. Qxg6 fxg6 26. Bf1 Rbe8 27. Nc2 Ne4 28. Bd3 g5 29. Rxe4 Rxe4 30. Bxe4 Rxe4 31. Nd4 Bh3 32. Kf2 Kf7 33. Kf3 d5 34. Rb1 Bg4+ 35. Kf2 Re8 36. a4 Rc8 37. Rc1 Kf6 38. Ke1 Ke5 39. Kd2 Rf8 40. Kd3 Rf2 41. Rc2 Rxc2 42. Kxc2 Ke4 43. Kd2 Bd7 44. Ke2 Bg4+ 45. Kd2 Bd7 46. a5 g4 47. Ke2 h5 48. Kd2 g5 49. Ke2 h4 50. Kd2 Ke5 51. Kd3 Be8 1/2-1/2

[Event "Turkey Cup 2020"]
[Site "Antalya-Belek"]
[Date "2020.01.28"]
[Round "4.91"]
[White "Celik, Ege Yigit"]
[Black "Uzuner, Tufan Can"]
[Result "0-1"]
[WhiteElo "1558"]
[BlackElo "1939"]
[Annotator "NA"]
[PlyCount "68"]
[EventDate "2020.01.26"]
[EventType "swiss"]
[EventCountry "TUR"]
[SourceTitle "playchess.com"]
[Source "ChessBase"]
[SourceQuality "1"]

1. e4 d5 2. exd5 Qxd5 3. Nc3 Qd6 4. d4 Nf6 5. Bc4 c6 6. Nge2 Bf5 7. Bd3 Bxd3 8. Qxd3 e6 9. Bf4 Qd8 10. O-O-O Bd6 11. f3 Bxf4+ 12. Nxf4 Qc7 13. Qe3 O-O 14. g4 Nd5 15. Ncxd5 cxd5 16. h4 Nd7 17. Rdg1 Rac8 18. Rg2 Qd6 19. Nd3 Rc4 20. g5 Qb6 21. c3 Rfc8 22. Kd2 e5 23. dxe5 d4 24. Qf2 dxc3+ 25. bxc3 Qa5 26. Rc1 Rxc3 27. Rxc3 Qxc3+ 28. Ke2 Nxe5 29. Nxe5 Qxe5+ 30. Kd3 Qc3+ 31. Ke2 Re8+ 32. Kd1 Rd8+ 33. Ke2 Qd3+ 34. Ke1 Qd1# 0-1

[Event "Turkey Cup 2020"]
[Site "Antalya-Belek"]
[Date "2020.01.28"]
[Round "4.92"]
[White "Bilgin, Kaan Bora"]
[Black "Gunay, Mehmet Eren"]
[Result "1-0"]
[WhiteElo "1267"]
[BlackElo "1803"]
[Annotator "NA"]
[PlyCount "61"]
[EventDate "2020.01.26"]
[EventType "swiss"]
[EventCountry "TUR"]
[SourceTitle "playchess.com"]
[Source "ChessBase"]
[SourceQuality "1"]

1. e4 c5 2. Nf3 d6 3. d4 cxd4 4. Nxd4 Nf6 5. Nc3 g6 6. Bc4 Bg7 7. O-O O-O 8. Be3 Ng4 9. Bc1 Nc6 10. Nxc6 bxc6 11. h3 Nf6 12. Be3 Rb8 13. Bb3 c5 14. f4 Ba6 15. e5 Nd7 16. Re1 c4 17. Ba4 Nb6 18. exd6 exd6 19. Bd4 Bxd4+ 20. Qxd4 Bb7 21. Rad1 d5 22. b3 Rc8 23. Rd2 Qd6 24. Ne4 Qd8 25. Nf6+ Kh8 26. Re8 Rxe8 27. Nxe8+ f6 28. Nxf6 Rc7 29. Re2 Kg7 30. Ng4+ Kf8 31. Qh8+ 1-0

[Event "Turkey Cup 2020"]
[Site "Antalya-Belek"]
[Date "2020.01.28"]
[Round "4.93"]
[White "Kazik, Oguz Kagan"]
[Black "Sari, Engin"]
[Result "1-0"]
[WhiteElo "1888"]
[BlackElo "1474"]
[Annotator "NA"]
[PlyCount "63"]
[EventDate "2020.01.26"]
[EventType "swiss"]
[EventCountry "TUR"]
[SourceTitle "playchess.com"]
[Source "ChessBase"]
[SourceQuality "1"]

1. e4 Nc6 2. Nf3 e5 3. d4 exd4 4. c3 dxc3 5. Nxc3 Bc5 6. Bc4 d6 7. O-O Bg4 8. Bf4 Nd4 9. Kh1 Nf6 10. Qd3 Nxf3 11. gxf3 Bh3 12. Rg1 Rg8 13. Rge1 Bxf2 14. Re2 Bb6 15. Nb5 Be6 16. Qb3 Bxc4 17. Qxc4 Nh5 18. Bd2 Qh4 19. Rg2 Nf4 20. Rg4 Qf2 21. Rxf4 O-O-O 22. Qd3 a6 23. Nc3 g5 24. Rg4 h5 25. Rg2 Qh4 26. Nd5 g4 27. Be1 Qh3 28. Ne7+ Kb8 29. Nxg8 Rxg8 30. Bf2 g3 31. Bxb6 cxb6 32. Rxg3 1-0

[Event "Turkey Cup 2020"]
[Site "Antalya-Belek"]
[Date "2020.01.28"]
[Round "4.94"]
[White "Sat, Eray"]
[Black "Mutlu, Bunyamin"]
[Result "1-0"]
[WhiteElo "1781"]
[BlackElo "1460"]
[Annotator "NA"]
[PlyCount "39"]
[EventDate "2020.01.26"]
[EventType "swiss"]
[EventCountry "TUR"]
[SourceTitle "playchess.com"]
[Source "ChessBase"]
[SourceQuality "1"]

1. e4 e5 2. Nf3 Nc6 3. Bb5 a6 4. Ba4 Nf6 5. O-O b5 6. Bb3 Be7 7. Re1 O-O 8. h3 Bb7 9. d3 Re8 10. Nc3 Bf8 11. Ng5 Re7 12. Nd5 Nxd5 13. exd5 Nd4 14. Qh5 h6 15. d6 Nxb3 16. dxe7 Qxe7 17. axb3 g6 18. Qh4 Qb4 19. Qxb4 Bxb4 20. c3 1-0

[Event "Turkey Cup 2020"]
[Site "Antalya-Belek"]
[Date "2020.01.28"]
[Round "4.95"]
[White "Sulak, Yusuf"]
[Black "Baylav, Bartu"]
[Result "0-1"]
[WhiteElo "1556"]
[BlackElo "1777"]
[Annotator "NA"]
[PlyCount "56"]
[EventDate "2020.01.26"]
[EventType "swiss"]
[EventCountry "TUR"]
[SourceTitle "playchess.com"]
[Source "ChessBase"]
[SourceQuality "1"]

1. Nf3 e6 2. c4 f5 3. b3 Nf6 4. Bb2 b6 5. e3 Bb7 6. Be2 Be7 7. O-O O-O 8. Ne5 d6 9. Bf3 c6 10. Nd3 e5 11. Be2 Nbd7 12. f3 Qe8 13. Nf2 d5 14. d4 e4 15. f4 Kh8 16. Nd2 Rg8 17. g4 g5 18. fxg5 Rxg5 19. Nh3 Nxg4 20. Nxg5 Nxe3 21. Qe1 Bxg5 22. Qg3 Qg6 23. Kh1 f4 24. Qh3 Nf6 25. Rg1 Bc8 26. Rxg5 Qxg5 27. Nf3 exf3 28. Qxf3 Bg4 0-1

[Event "Turkey Cup 2020"]
[Site "Antalya-Belek"]
[Date "2020.01.28"]
[Round "4.96"]
[White "Savli, Sadrettin"]
[Black "Yenil, Mucahit"]
[Result "0-1"]
[WhiteElo "1436"]
[BlackElo "1757"]
[Annotator "NA"]
[PlyCount "59"]
[EventDate "2020.01.26"]
[EventType "swiss"]
[EventCountry "TUR"]
[SourceTitle "playchess.com"]
[Source "ChessBase"]
[SourceQuality "1"]

1. e4 c5 2. c3 Qa5 3. d3 Nc6 4. Nf3 Nf6 5. h3 e5 6. a3 Be7 7. g3 c4 8. dxc4 Nxe4 9. b4 Qc7 10. Be3 O-O 11. Bd3 Nf6 12. Be2 Rd8 13. Bg5 d5 14. cxd5 Rxd5 15. Qc1 e4 16. Bxf6 exf3 17. Bxf3 Rf5 18. Bxe7 Qxe7+ 19. Be2 Re5 20. Ra2 Be6 21. Rb2 Bc4 22. O-O Bxe2 23. Re1 Re8 24. f4 Re3 25. Kf2 Qe4 26. Nd2 Rf3+ 27. Kg2 Qe3 28. Nxf3 Qxf3+ 29. Kh2 Qf2+ 30. Kh1 0-1

[Event "Turkey Cup 2020"]
[Site "Antalya-Belek"]
[Date "2020.01.28"]
[Round "4.97"]
[White "Erdal, Emre"]
[Black "Atabey, Koray Ibrahim"]
[Result "1/2-1/2"]
[WhiteElo "1833"]
[BlackElo "1450"]
[Annotator "NA"]
[PlyCount "55"]
[EventDate "2020.01.26"]
[EventType "swiss"]
[EventCountry "TUR"]
[SourceTitle "playchess.com"]
[Source "ChessBase"]
[SourceQuality "1"]

1. e4 e5 2. Nf3 Nf6 3. Nc3 Nc6 4. Bb5 Bc5 5. Nxe5 Nxe5 6. d4 Bd6 7. f4 Bb4 8. dxe5 Nxe4 9. Qf3 Nxc3 10. bxc3 Ba5 11. Ba3 c6 12. Bc4 b5 13. Be2 Qb6 14. Rd1 Bb7 15. Qd3 O-O-O 16. Bd6 Rhe8 17. Bb4 f6 18. Bg4 Bxb4 19. Bxd7+ Kb8 20. cxb4 Rxd7 21. Qxd7 Qe3+ 22. Kf1 Qxf4+ 23. Kg1 Qe3+ 24. Kf1 Qf4+ 25. Kg1 Qe3+ 26. Kf1 Qf4+ 27. Kg1 Qxe5 28. Qd2 1/2-1/2

[Event "Turkey Cup 2020"]
[Site "Antalya-Belek"]
[Date "2020.01.28"]
[Round "4.98"]
[White "Anacak, Hasan Gunes"]
[Black "Karakaya, Mehmet"]
[Result "1/2-1/2"]
[WhiteElo "1677"]
[BlackElo "1367"]
[Annotator "NA"]
[PlyCount "74"]
[EventDate "2020.01.26"]
[EventType "swiss"]
[EventCountry "TUR"]
[SourceTitle "playchess.com"]
[Source "ChessBase"]
[SourceQuality "1"]

1. e4 c5 2. Nf3 g6 3. d4 cxd4 4. Nxd4 Bg7 5. c4 Nc6 6. Be3 d6 7. Nc3 Nf6 8. Be2 O-O 9. O-O Bd7 10. Qd2 Nxd4 11. Bxd4 Bc6 12. f3 a5 13. b3 Nd7 14. Be3 Nc5 15. Rac1 e6 16. Rfd1 Be5 17. Bg5 Qb6 18. Kh1 Rfe8 19. Qe1 a4 20. Nxa4 Bxa4 21. bxa4 Rxa4 22. Rc2 Rea8 23. Rdd2 Ra3 24. Qd1 Qc7 25. Bf1 f6 26. Bh4 g5 27. Bf2 Bf4 28. Bxc5 Qxc5 29. Re2 Be5 30. Qb1 b6 31. Qb5 R3a7 32. g3 Rc8 33. Bh3 Kf7 34. Qxc5 bxc5 35. Bf1 Rb8 36. Kg2 Ra3 37. Red2 Re3 1/2-1/2

[Event "Turkey Cup 2020"]
[Site "Antalya-Belek"]
[Date "2020.01.28"]
[Round "4.99"]
[White "Uslu, Mehmet"]
[Black "Araboga, Mesut"]
[Result "0-1"]
[WhiteElo "1402"]
[BlackElo "1627"]
[Annotator "NA"]
[PlyCount "80"]
[EventDate "2020.01.26"]
[EventType "swiss"]
[EventCountry "TUR"]
[SourceTitle "playchess.com"]
[Source "ChessBase"]
[SourceQuality "1"]

1. e4 c6 2. d4 g6 3. Be3 Bg7 4. h4 Nf6 5. Nc3 d6 6. Be2 h5 7. f3 Qc7 8. Nh3 b6 9. Ng5 Nbd7 10. Bc4 d5 11. exd5 cxd5 12. Bxd5 Nxd5 13. Nxd5 Qc4 14. Nc3 Ba6 15. Qd2 Rc8 16. Kf2 O-O 17. Rad1 b5 18. a3 Rfd8 19. Nge4 f5 20. b3 Qc6 21. d5 Qb7 22. d6 e6 23. Bh6 fxe4 24. Bxg7 Kxg7 25. Nxe4 Rf8 26. Ng5 Rf6 27. Rhe1 e5 28. Ne4 Rf5 29. Nc3 Qc6 30. Re3 Bb7 31. Kg1 Rf4 32. Nd5 Rd4 33. Rd3 Qxd5 34. Qg5 Qxd6 35. Rxd4 exd4 36. Qxb5 Ba6 37. Qa5 Rxc2 38. Qg5 Be2 39. Re1 d3 40. Qe3 Qb6 0-1

[Event "Turkey Cup 2020"]
[Site "Antalya-Belek"]
[Date "2020.01.28"]
[Round "4.100"]
[White "Bulut, Nazim"]
[Black "Acar, Kaan"]
[Result "0-1"]
[WhiteElo "1506"]
[BlackElo "1636"]
[Annotator "NA"]
[PlyCount "70"]
[EventDate "2020.01.26"]
[EventType "swiss"]
[EventCountry "TUR"]
[SourceTitle "playchess.com"]
[Source "ChessBase"]
[SourceQuality "1"]

1. e4 c5 2. Bc4 e6 3. Nc3 Nc6 4. a3 Nge7 5. Nge2 d5 6. exd5 exd5 7. Ba2 Be6 8. d3 g6 9. O-O Bg7 10. Re1 O-O 11. Nf4 Qd7 12. Bd2 b6 13. Qc1 Nd4 14. Nfe2 Rfe8 15. Ng3 h5 16. Nce2 Nec6 17. c3 Nxe2+ 18. Rxe2 h4 19. Nf1 h3 20. g3 Ne5 21. Re3 d4 22. Bxe6 Rxe6 23. cxd4 cxd4 24. Rxe5 Rxe5 25. f3 Qd5 26. Qd1 Rae8 27. Bb4 Re2 28. Nd2 a5 29. Ne4 Rg2+ 30. Kh1 axb4 31. axb4 f5 32. Qa4 b5 33. Qa2 Qxa2 34. Rxa2 fxe4 35. fxe4 Rc8 0-1

[Event "Turkey Cup 2020"]
[Site "Antalya-Belek"]
[Date "2020.01.28"]
[Round "4.101"]
[White "Kalinoglu, Yagiz"]
[Black "Satiroglu, Kaan"]
[Result "0-1"]
[WhiteElo "1304"]
[BlackElo "1640"]
[Annotator "NA"]
[PlyCount "107"]
[EventDate "2020.01.26"]
[EventType "swiss"]
[EventCountry "TUR"]
[SourceTitle "playchess.com"]
[Source "ChessBase"]
[SourceQuality "1"]

1. e4 c5 2. Nf3 Nc6 3. Bb5 g6 4. Bxc6 dxc6 5. h3 Bg7 6. d3 Qc7 7. O-O e5 8. Be3 b6 9. Nbd2 Ne7 10. Nh2 f5 11. f3 f4 12. Bf2 g5 13. Nb3 Be6 14. Qe2 h5 15. Rfd1 Rd8 16. Rd2 Kf7 17. Rad1 Rd6 18. Nc1 g4 19. fxg4 hxg4 20. Nxg4 Bxg4 21. Qxg4 Rg6 22. Qf3 Qc8 23. Kf1 Bf6 24. c3 Qa6 25. Ne2 Qxa2 26. d4 cxd4 27. cxd4 Rd8 28. Qc3 Qe6 29. dxe5 Rxd2 30. Rxd2 Bxe5 31. Bd4 Bxd4 32. Qxd4 c5 33. Qd3 Rf6 34. Qf3 Ng6 35. Rd5 Kg7 36. Nc3 Rf7 37. Qg4 Qxg4 38. hxg4 Re7 39. Kf2 Ne5 40. Ke2 Kg6 41. Rd6+ Kg5 42. Nd5 Rf7 43. Re6 Nxg4 44. Re7 Rxe7 45. Nxe7 Ne5 46. Nc8 Kg4 47. Nxa7 Kg3 48. Kf1 Nc4 49. Nc8 Ne3+ 50. Kg1 Nxg2 51. Nxb6 f3 52. Nc4 f2+ 53. Kf1 Ne1 54. Ne5 0-1

[Event "Turkey Cup 2020"]
[Site "Antalya-Belek"]
[Date "2020.01.28"]
[Round "4.102"]
[White "Akin, Bora Zubeyir"]
[Black "Celiktas, Sami"]
[Result "1-0"]
[WhiteElo "1476"]
[BlackElo "1448"]
[Annotator "NA"]
[PlyCount "62"]
[EventDate "2020.01.26"]
[EventType "swiss"]
[EventCountry "TUR"]
[SourceTitle "playchess.com"]
[Source "ChessBase"]
[SourceQuality "1"]

1. e4 e5 2. Nf3 Nc6 3. d4 exd4 4. Bc4 h6 5. O-O d6 6. Nxd4 Bd7 7. Nc3 Nf6 8. Bf4 Be7 9. Nf5 Bxf5 10. exf5 O-O 11. Re1 a6 12. Qf3 Nd4 13. Qd3 c5 14. Nd5 Nxd5 15. Bxd5 Qd7 16. g4 Bf6 17. c3 Nc6 18. Bb3 Rad8 19. Rad1 Be7 20. h3 Qc7 21. Qg3 Rd7 22. h4 Qd8 23. g5 hxg5 24. hxg5 d5 25. Bc2 Bd6 26. f6 Bxf4 27. Qh4 g6 28. Qxf4 Qc7 29. Qh4 Ne5 30. Rxe5 Qxe5 31. Qh6 Qf5 1-0

[Event "Turkey Cup 2020"]
[Site "Antalya-Belek"]
[Date "2020.01.29"]
[Round "5.1"]
[White "Yilmazyerli, Mert"]
[Black "Yaran, Siar"]
[Result "1/2-1/2"]
[WhiteElo "2411"]
[BlackElo "2248"]
[Annotator "RC"]
[PlyCount "66"]
[EventDate "2020.01.26"]
[EventType "swiss"]
[EventCountry "TUR"]
[SourceTitle "playchess.com"]
[Source "ChessBase"]
[SourceQuality "1"]

1. Nf3 Nf6 2. c4 e6 3. g3 d5 4. Bg2 Be7 5. O-O O-O 6. d4 dxc4 7. Ne5 Nc6 8. Nxc6 bxc6 9. Na3 Bxa3 10. bxa3 Rb8 11. Qa4 Rb6 12. Qxc4 Ba6 13. Qc2 Qxd4 14. Be3 Rb2 15. Qxh7+ Kxh7 16. Bxd4 Rxe2 17. Rfc1 Bb5 18. Bxf6 gxf6 19. a4 Bd3 20. Rxc6 Be4 21. Rxc7 Bxg2 22. Kxg2 Kg6 23. Rxa7 Rb8 24. h4 Rbb2 25. Rf1 Rxa2 26. a5 Re5 27. a6 Rea5 28. Rh1 Rf5 29. h5+ Kh6 30. Rf1 Rxh5 31. Rxf7 Kg6 32. Ra7 Rha5 33. Ra8 Rxa6 1/2-1/2

[Event "Turkey Cup 2020"]
[Site "Antalya-Belek"]
[Date "2020.01.29"]
[Round "5.2"]
[White "Eren, Ataberk"]
[Black "Yurtseven, Melih"]
[Result "1-0"]
[WhiteElo "2274"]
[BlackElo "2385"]
[Annotator "TA"]
[PlyCount "117"]
[EventDate "2020.01.26"]
[EventType "swiss"]
[EventCountry "TUR"]
[SourceTitle "playchess.com"]
[Source "ChessBase"]
[SourceQuality "1"]

1. e4 c5 2. Nf3 d6 3. d4 cxd4 4. Nxd4 Nf6 5. Nc3 Nc6 6. Bg5 e6 7. Qd2 a6 8. O-O-O Bd7 9. f4 b5 10. Bxf6 gxf6 11. Kb1 Qb6 12. Nxc6 Bxc6 13. f5 b4 14. Ne2 e5 15. Ng3 h5 16. h4 Qc5 17. Be2 Ke7 18. Nxh5 Bxe4 19. Nxf6 Qxc2+ 20. Qxc2 Bxc2+ 21. Kxc2 Rc8+ 22. Kb3 Kxf6 23. g4 a5 24. g5+ Kxf5 25. Rhf1+ Kg6 26. h5+ Kxg5 27. Rxf7 Bh6 28. Rg1+ Kh4 29. Rf2 Bf4 30. Rfg2 Rc1 31. Bf1 Rxf1 32. Rxf1 Kh3 33. Rg6 Rxh5 34. Rh1+ Bh2 35. Rxd6 Kg2 36. Rhd1 Bf4 37. R1d5 Rh3+ 38. Kc4 Rh4 39. Re6 Kf3 40. Rxa5 Bc1+ 41. Kb3 e4 42. Rc5 Bd2 43. Rc4 Be1 44. Kc2 Bg3 45. Rxb4 Rh2+ 46. Kb3 e3 47. Rbe4 Bf4 48. a4 Rh8 49. a5 Rb8+ 50. Ka2 Rb5 51. b4 Rd5 52. a6 Rd2+ 53. Kb3 Rd3+ 54. Kc4 Ra3 55. b5 Ra2 56. Kc5 Rc2+ 57. Kb6 e2 58. a7 Ra2 59. Rxe2 1-0

[Event "Turkey Cup 2020"]
[Site "Antalya-Belek"]
[Date "2020.01.29"]
[Round "5.3"]
[White "Tarlabasi, Emirhan"]
[Black "Sevgi, Volkan"]
[Result "1/2-1/2"]
[WhiteElo "2274"]
[BlackElo "2345"]
[Annotator "TA"]
[PlyCount "36"]
[EventDate "2020.01.26"]
[EventType "swiss"]
[EventCountry "TUR"]
[SourceTitle "playchess.com"]
[Source "ChessBase"]
[SourceQuality "1"]

1. d4 Nf6 2. c4 e6 3. Nf3 b6 4. Nc3 Bb4 5. e3 Bb7 6. Bd3 O-O 7. O-O Bxc3 8. bxc3 d6 9. Nd2 e5 10. e4 Re8 11. Re1 Nc6 12. d5 Ne7 13. Nf1 Nd7 14. Ng3 Nc5 15. Bc2 Ba6 16. Re3 Bxc4 17. Nh5 Ng6 18. Rh3 Ba6 1/2-1/2

[Event "Turkey Cup 2020"]
[Site "Antalya-Belek"]
[Date "2020.01.29"]
[Round "5.4"]
[White "Yilmaz, Goktan"]
[Black "Isik, Alparslan"]
[Result "0-1"]
[WhiteElo "2265"]
[BlackElo "2328"]
[Annotator "TA"]
[PlyCount "107"]
[EventDate "2020.01.26"]
[EventType "swiss"]
[EventCountry "TUR"]
[SourceTitle "playchess.com"]
[Source "ChessBase"]
[SourceQuality "1"]

1. e4 c5 2. Nf3 d6 3. d4 cxd4 4. Nxd4 Nf6 5. Nc3 a6 6. f4 Qc7 7. Qf3 Nc6 8. Nxc6 bxc6 9. Bd3 g6 10. b3 Bg7 11. Bb2 O-O 12. O-O Nd7 13. Na4 Bxb2 14. Nxb2 Nc5 15. f5 d5 16. fxg6 hxg6 17. exd5 Nxd3 18. Nxd3 cxd5 19. Qxd5 Bf5 20. Rxf5 gxf5 21. Qxf5 Qb6+ 22. Kh1 Qg6 23. Qf3 Rac8 24. c4 Rfd8 25. Nf4 Qf6 26. Re1 e6 27. h3 Rc5 28. Rf1 Rf5 29. g4 Ra5 30. a4 Rd4 31. Kg2 Re5 32. Rf2 Rde4 33. c5 Rd4 34. Qa8+ Qd8 35. Qf3 Rxc5 36. Nh5 f5 37. Qb7 Qd5+ 38. Qxd5 exd5 39. Kg3 fxg4 40. hxg4 Rd3+ 41. Kh4 Rxb3 42. Kg5 d4+ 43. Kg6 Rb6+ 44. Nf6+ Kf8 45. Re2 Rc8 46. a5 Rd6 47. Rh2 Ke7 48. Rh7+ Ke6 49. Rh1 Ke5 50. Kg5 d3 51. Re1+ Kd4 52. Ne4 Re6 53. Kf5 Re5+ 54. Kf4 0-1

[Event "Turkey Cup 2020"]
[Site "Antalya-Belek"]
[Date "2020.01.29"]
[Round "5.5"]
[White "Ozen, Bahadir"]
[Black "Yasin, Hur"]
[Result "1-0"]
[WhiteElo "2389"]
[BlackElo "1936"]
[Annotator "RC"]
[PlyCount "103"]
[EventDate "2020.01.26"]
[EventType "swiss"]
[EventCountry "TUR"]
[SourceTitle "playchess.com"]
[Source "ChessBase"]
[SourceQuality "1"]

1. d4 Nf6 2. Nf3 d5 3. c4 e6 4. Nc3 Bb4 5. e3 O-O 6. Bd3 c5 7. cxd5 exd5 8. dxc5 Bxc5 9. O-O Nc6 10. b3 Qe7 11. Bb2 Rd8 12. h3 Ne4 13. Ne2 Bf5 14. Rc1 Rac8 15. Ned4 Bg6 16. Qe2 Ba3 17. Nxc6 bxc6 18. Bxa3 Qxa3 19. Ne5 Qd6 20. Nxg6 Qxg6 21. Rc2 f5 22. Rfc1 Rd6 23. Qf3 Rf8 24. b4 h5 25. Qf4 Qe6 26. h4 g6 27. Be2 Rf7 28. a4 Kg7 29. f3 Nf6 30. Qd4 Re7 31. Kf2 Kh7 32. b5 cxb5 33. axb5 Ne8 34. Ra1 Rdd7 35. Rc6 Qe5 36. Raa6 Qxd4 37. exd4 Rg7 38. Bd3 Rdf7 39. Ke3 Kh6 40. Kd2 Kh7 41. Kc1 Rc7 42. Kb2 Rxc6 43. bxc6 Rc7 44. Kb3 Ng7 45. Bc4 dxc4+ 46. Kxc4 Kg8 47. d5 Ne8 48. Kc5 Rf7 49. d6 Kf8 50. d7 Ke7 51. Rxa7 Nd6 52. Ra8 1-0